000 00770nam a22002297a 4500
999 _c180469
_d180469
005 20230406114711.0
010 _aENG-129733
020 _a9789353949273
_c1999.00
035 _aEN-113265
037 _bDBAD/PUB
082 _a610.73
100 _aBerman, Audrey
245 _aKozier & Erb's fundamentals of nursing:
_bconcepts, process and practice /
_cby Audrey Berman, Shirlee J. Snyder [and] Geralyn Frandsen
250 _a11th ed.
260 _aNoida
_bPearson
_c2021
270 _a15th Floor, Tower-B, World Trade Tower, Plot No.1, Block-C, Sector-16
_bNoida
_e201301
300 _a1533p.:
_bill.
_c28cm(pbk)
500 _ainclude index
700 _aSnyder, Shirlee J.
700 _aFrandsen, Geralyn
942 _2ddc
_cEN
_h610.73
_mBER